| 000 | 01798 a2200337 4500 | ||
|---|---|---|---|
| 001 | OB-pulg-18416 | ||
| 003 | FrMaCLE | ||
| 005 | 20251214082540.0 | ||
| 007 | cu ||||||m|||| | ||
| 008 | 230820e||||||||xx |||||s|||||||||0|fr|d | ||
| 020 | _a978-2-87562-374-4 | ||
| 024 | 7 |
_a10.4000/books.pulg.18416 _2doi |
|
| 040 | _aFR-FrMaCLE | ||
| 041 | _afra | ||
| 100 | 1 | _aRedard, Céline | |
| 245 | 1 | 0 |
_aAux sources des liturgies indo-iraniennes / _cCéline Redard, Juanjo Ferrer-Losilla, Hamid Moein, Philippe Swennen. |
| 260 |
_aLiège : _bPresses universitaires de Liège, _c2023. |
||
| 300 | _a406 p. | ||
| 500 | _aEbook | ||
| 520 | _a Les temps sont mûrs pour définir un nouveau type de comparatisme indo-iranien, qui serait fondé sur une approche globale de littératures pareillement constituées à des fins liturgiques : la védique et la mazdéenne. Telle était la conviction commune aux organisateurs du colloque intitulé Aux sources des liturgies indo-iraniennes, qui s’est tenu à l’Université de Liège, les 9 et 10 juin 2016, avec l’appui du Fonds National pour la Recherche Scientifique. Le présent volume, fondé sur les contributions présentées à ce colloque, est destiné à permettre à des indianistes et à des iranistes spécialisés dans ces questions de faire le point sur l’état des connaissances en présence les uns des autres. | ||
| 540 |
_aOpenEdition Books License _uhttps://www.openedition.org/12554 |
||
| 650 | 4 | _aReligion | |
| 650 | 4 | _acomparatisme | |
| 650 | 4 | _avédique | |
| 650 | 4 | _amazdéenne | |
| 700 | 1 | _aFerrer-Losilla, Juanjo | |
| 700 | 1 | _aMoein, Hamid | |
| 700 | 1 | _aSwennen, Philippe | |
| 776 | _z978-2-87562-260-0 | ||
| 856 | 4 |
_eRedard, Céline _uhttps://books.openedition.org/pulg/18416 _yAux sources des liturgies indo-iraniennes |
|
| 999 |
_c1571 _d1571 |
||